ბათუმის შოთა რუსთაველის სახელმწიფო უნივერსიტეტის ბიბლიოთეკა

Меньше значит больше: (ბიბ.ჩანაწერი № 62527)

000 -LEADER
fixed length control field 00889nam a22001937a 4500
005 - DATE AND TIME OF LATEST TRANSACTION
control field 20241128162252.0
008 - FIXED-LENGTH DATA ELEMENTS--GENERAL INFORMATION
fixed length control field 241128s2022 ru ||||| |||| 00| 0 rus d
020 ## - INTERNATIONAL STANDARD BOOK NUMBER
International Standard Book Number 9785040961269 X
041 ## - LANGUAGE CODE
Language code of text/sound track or separate title rus
080 ## - UNIVERSAL DECIMAL CLASSIFICATION NUMBER
Universal Decimal Classification number 159.9 Б-42
100 ## - MAIN ENTRY--PERSONAL NAME
Personal name Беккер Джошуа
Relator term Автор
9 (RLIN) 23826
245 ## - TITLE STATEMENT
Title Меньше значит больше:
Remainder of title Минимализм как путь к осознанной и счастливой жизни /
Statement of responsibility, etc. Джошуа Беккер, пер. с анг. А. Андреева
264 ## - PRODUCTION, PUBLICATION, DISTRIBUTION, MANUFACTURE, AND COPYRIGHT NOTICE
Place of production, publication, distribution, manufacture Москва :
Name of producer, publisher, distributor, manufacturer Орди,
Date of production, publication, distribution, manufacture, or copyright notice 2022.
300 ## - PHYSICAL DESCRIPTION
Extent 310 стр.:
Other physical details 22 cm.
653 ## - INDEX TERM--UNCONTROLLED
keyword Меньше значит больше. Минимализм как путь к осознанной и счастливой жизни
653 ## - INDEX TERM--UNCONTROLLED
keyword ფსიქოლოგია
700 ## - ADDED ENTRY--PERSONAL NAME
Personal name Андреева, A
Relator term მთარგმნელი
9 (RLIN) 23827
942 ## - ADDED ENTRY ELEMENTS (KOHA)
Source of classification or shelving scheme
Koha item type წიგნი
ეგზემპლარები
Withdrawn status Lost status Source of classification or shelving scheme Damaged status Not for loan Permanent Location Current Location Shelving location Date acquired Cost, normal purchase price Full call number Barcode Date last seen Copy number Price effective from Koha item type Public note
          ბათუმის შოთა რუსთაველის სახელმწიფო უნივერსიტეტის მთავარი ბიბლიოთეკა ბათუმის შოთა რუსთაველის სახელმწიფო უნივერსიტეტის მთავარი ბიბლიოთეკა წიგნსაცავი 2024-11-28 40.00 159.9 Б-42 69886 2024-11-28 69886 2024-11-28 წიგნი 40.00